000 00736nam a2200229Ia 4500
003 GCL
008 140319s9999 xx 000 0 ara d
040 _aGCL /
_cGCL
082 0 4 _a940.1
_bج ت
100 1 _aجوزيف نسيم يوسف
245 1 0 _aتاريخ العصور الوسطى الاوروبية وحضارتها /
_cجوزيف نسيم يوسف
260 _a[S.N] :
_bدار النهضة العربية ،
_c1987
300 _a362 ص
490 _a
650 0 4 _aالعصور الوسطى
650 0 4 _aحضارة العصور الوسطى
650 0 4 _aالامبراطورية الرومانية
650 0 4 _aالاقطاع
650 0 4 _aاوربا
650 0 4 _aاوربا - تاريخ
942 _2ddc
_cBK
999 _c37406
_d37406